000 00506 a2200133 4500
020 _a9780727733504
020 _a0727733508
082 _a624.151363 MAT
100 _aMatthews, M. C.
245 1 2 _aA short course in geology for civil engineers /
_cMarcus Matthews, Noel Simons and Bruce Menzies.
260 _aLondon :
_bThomas Telford Pub. ;
_aReston, VA :
_bDistributors for USA, ASCE Press,
_c2008.
300 _axx, 302 p., [7] p. of plates :
_bill. (some col.), maps ;
_c25 cm.
650 _aEngineering geology.
650 _aGeology.
999 _c1188
_d1188